Potential crime risk and housing market responses (Record no. 509589)

000 -LEADER
fixed length control field 00407nam a22001577a 4500
008 - FIXED-LENGTH DATA ELEMENTS--GENERAL INFORMATION
fixed length control field 190515b ||||| |||| 00| 0 eng d
100 ## - MAIN ENTRY--PERSONAL NAME
Personal name Kim, Seonghoon
245 ## - TITLE STATEMENT
Title Potential crime risk and housing market responses
260 ## - PUBLICATION, DISTRIBUTION, ETC. (IMPRINT)
Date of publication, distribution, etc 2018
300 ## - PHYSICAL DESCRIPTION
Extent p.1-17.
650 ## - SUBJECT ADDED ENTRY--TOPICAL TERM
Topical term or geographic name as entry element Crime
9 (RLIN) 5294
700 ## - ADDED ENTRY--PERSONAL NAME
Personal name Lee, Kwan Ok
9 (RLIN) 5627
773 ## - HOST ITEM ENTRY
Main entry heading Journal of Urban Economics
906 ## - LOCAL DATA ELEMENT F, LDF (RLIN)
Subject DIP Housing
942 ## - ADDED ENTRY ELEMENTS (KOHA)
Item type Articles
Holdings
Withdrawn status Lost status Source of classification or shelving scheme Damaged status Not for loan Permanent location Current location Date acquired Serial Enumeration / chronology Barcode Date last seen Koha item type
          Indian Institute of Public Administration Indian Institute of Public Administration 2019-05-15 108, Nov, 2018: p.1-17. AR119736 2019-05-15 Articles

Powered by Koha